Las tortugas de cardique / (Registro nro. 19132)

Detalles MARC
000 -CABECERA
Campo de control 00728nam a22002057a 4500
005 - FECHA Y HORA DE LA ULTIMA TRANSACCION
Campo de control 20161123130449.0
008 - ELEMENTOS DE LONGITUD FIJA—INFORMACION GENERAL
Campo de control 161123s2015 ck a||||r|||| 00| 0 spa d
040 ## - FUENTE DE CATALOGACIÓN
Agencia catalogadora original CO-BoIAVH
Agencia transcriptora CO-BoIAVH
041 0# - IDIOMA
Código de idioma para texto/pista de sonido o título separado Español
044 ## - PAÍS DE PUBLICACIÓN
País de publicación Colombia
090 ## - CLASIFICACIÓN LOCAL
Colección FG-
Consecutivo 0094
245 04 - MENCION DE TITULO
Título Las tortugas de cardique /
Mención de responsabilidad Cardique
260 ## - PUBLICACION, DISTRIBUCION, ETC. (PIE DE IMPRENTA)
Lugar de publicación, distribución, etc. Cartagena, Colombia :
Nombre del editor, distribuidor, etc. Cardique,
Fecha de publicación, distribución, etc. 2015.
300 ## - DESCRIPCION FISICA
Extensión 20 páginas :
Otros detalles físicos ilustraciones ;
Dimensiones 26 x 20 cm.
650 26 - ASIENTO SECUNDARIO DE MATERIA - TERMINO TEMATICO
Término temático o nombre geográfico como elemento de entrada Tortugas terrestres
Subdivisión general identificación
Subdivisión geográfica Bolívar (Departamento, Colombia)
9 (RLIN) 77270
650 26 - ASIENTO SECUNDARIO DE MATERIA - TERMINO TEMATICO
Término temático o nombre geográfico como elemento de entrada Tortugas de agua dulce
Subdivisión general identificación
Subdivisión geográfica Bolívar (Departamento, Colombia)
9 (RLIN) 77271
700 1# - ASIENTO SECUNDARIO - NOMBRE PERSONAL
Nombre personal Gutiérrez Bolaños, Cesar
Término de relación ilustrador
9 (RLIN) 77268
710 2# - ASIENTO SECUNDARIO - NOMBRE CORPORATIVO
Nombre corporativo o de jurisdicción como elemento de entrada Cardique
9 (RLIN) 77272
942 ## - ELEMENTOS ADICIONALES (KOHA)
Sistema de clasificación Dewey Decimal Classification
Tipo de ítem Libro
Existencias
Withdrawn status Lost status Sistema de Clasificación Damaged status No para préstamo Colección Inventariado Ubicación Permanente Ubicación actual Fecha de adquisición Total Checkouts Número topográfico Inventario / Código de Barras Date last seen Ejemplar Price effective from Forma de adquisición Tipo de material
    Local     Hemeroteca Inventariado 2017 Bogotá Bogotá 23/11/2016   FG-0094 040820 23/11/2016 Ej. 1 23/11/2016 Donación Folleto